=LDR 00000nam 2200000 4500 =001 INLIS000000000049200 =005 20170502085115 =035 ##$$a 0010-011700000000481 =008 170502###########################0###### =020 ##$$a 978-602-317-013-5 =040 ##$$a NBPDMAT =082 ##$$a 028 .5 =090 ##$$a 028 .5 Ung d =100 ##$$a Ungu lianza =245 1#$$a Dongeng anak terpopuler sepanjang masa : Pembentuk karakter dan sikap mulia /$c Ungu lianza =260 ##$$a Surakarta :$b Visi mandiri,$c 2014 =300 ##$$a 136 hlm . : $b ilus . ; $c 24 cm =650 ##$$a Bacaan kanak - kanak =990 ##$$a 21602755 =990 ##$$a 21602756 =990 ##$$a 21602757 =990 ##$$a 21602758 =990 ##$$a 21602759